Riconosci il Pokémon - Quiz n°286 - Statistics

Statistiche generali
  • Questo quiz è stato fatto 1 volte
  • Il punteggio medio è 7 su 10
Statistiche sulle risposte
Indizio Risposta % Corretto
Altezza 0,90 m
100%
Tasso di cattura 45 (11.9%)
100%
Sesso 87.5% ♂, 12.5% ♀
100%
Tipo Erba
100%
Abilità Erbaiuto; Agiltecnica
100%
Stadio evoluzione Prima evoluzione
100%
Generazione Terza
100%
Peso 21,6 kg
0%
Pokémon Grovyle
0%
Tasso di allevamento Medio-Lento
0%
Nessun quiz corrispondente trovato
Distribuzione punteggi
Percentuale di utenti per punteggio
Percentile per numero di risposta
I tuoi punteggi nel tempo
Non hai fatto questo quiz